<?xml version="1.0" encoding="UTF-8"?>
<record
    xmlns:xsi="http://www.w3.org/2001/XMLSchema-instance"
    xsi:schemaLocation="http://www.loc.gov/MARC21/slim http://www.loc.gov/standards/marcxml/schema/MARC21slim.xsd"
    xmlns="http://www.loc.gov/MARC21/slim">

  <leader>00814nam a22001337a 4500</leader>
  <datafield tag="040" ind1=" " ind2=" ">
    <subfield code="c">RUA</subfield>
  </datafield>
  <datafield tag="082" ind1=" " ind2=" ">
    <subfield code="a">AED KEO 2012 B263 Or.1</subfield>
  </datafield>
  <datafield tag="100" ind1=" " ind2=" ">
    <subfield code="a">KEO, SOCHEAT.</subfield>
  </datafield>
  <datafield tag="245" ind1=" " ind2=" ">
    <subfield code="a">The economics analysis on rice production providing the environmental services in sangkat srayov krong stueng sen saen kampot thom province, &#x1780;&#x17B6;&#x179A;&#x179C;&#x17B7;&#x1797;&#x17B6;&#x1782;&#x179F;&#x17C1;&#x178A;&#x17D2;&#x178B;&#x1780;&#x17B7;&#x1785;&#x17D2;&#x1785;&#x1791;&#x17C5;&#x179B;&#x17BE;&#x1795;&#x179B;&#x17B7;&#x178F;&#x1780;&#x1798;&#x17D2;&#x1798;&#x178A;&#x17C6;&#x178E;&#x17B6;&#x17C6;&#x179F;&#x17D2;&#x179A;&#x17BC;&#x179C;&#x1795;&#x17D2;&#x178A;&#x179B;&#x17CB;&#x1793;&#x17BC;&#x179C;&#x179F;&#x17C1;&#x179C;&#x17B6;&#x1780;&#x1798;&#x17D2;&#x1798;&#x1794;&#x179A;&#x17B7;&#x179F;&#x17D2;&#x1790;&#x17B6;&#x1793;&#x1793;&#x17C5;&#x179F;&#x1784;&#x17D2;&#x1780;&#x17B6;&#x178F;&#x17CB;&#x179F;&#x17D2;&#x179A;&#x1799;&#x17C9;&#x17BC;&#x179C; &#x1780;&#x17D2;&#x179A;&#x17BB;&#x1784;&#x179F;&#x17D2;&#x1791;&#x17B9;&#x1784;&#x179F;&#x17C2;&#x1793; &#x1781;&#x17C1;&#x178F;&#x17D2;&#x178F;&#x1780;&#x17C6;&#x1796;&#x1784;&#x17CB;&#x1792;&#x17C6;</subfield>
  </datafield>
  <datafield tag="260" ind1=" " ind2=" ">
    <subfield code="a">Phnom Penh</subfield>
    <subfield code="b">RUA</subfield>
    <subfield code="c">2012</subfield>
  </datafield>
  <datafield tag="300" ind1=" " ind2=" ">
    <subfield code="a">xiii; 64p.</subfield>
    <subfield code="b">ill.</subfield>
    <subfield code="c">29cm.</subfield>
  </datafield>
  <datafield tag="856" ind1=" " ind2=" ">
    <subfield code="u">https://drive.google.com/file/d/1In6XEDAOB8SMSzQto3LbrXvxEObL2Vrk/view?usp=sharing</subfield>
  </datafield>
  <datafield tag="942" ind1=" " ind2=" ">
    <subfield code="c">AED</subfield>
  </datafield>
  <datafield tag="999" ind1=" " ind2=" ">
    <subfield code="c">5167</subfield>
    <subfield code="d">5167</subfield>
  </datafield>
  <datafield tag="952" ind1=" " ind2=" ">
    <subfield code="0">0</subfield>
    <subfield code="1">0</subfield>
    <subfield code="2">ddc</subfield>
    <subfield code="4">0</subfield>
    <subfield code="6">AED_KEO_2012_000000000000000_B263_OR_1</subfield>
    <subfield code="7">0</subfield>
    <subfield code="9">27477</subfield>
    <subfield code="a">LBB</subfield>
    <subfield code="b">LBB</subfield>
    <subfield code="c">B263</subfield>
    <subfield code="d">2015-12-24</subfield>
    <subfield code="l">3</subfield>
    <subfield code="o">AED KEO 2012 B263 Or.1</subfield>
    <subfield code="p">RUA035838</subfield>
    <subfield code="r">2019-09-02</subfield>
    <subfield code="s">2019-08-07</subfield>
    <subfield code="w">2015-12-24</subfield>
    <subfield code="y">AED</subfield>
  </datafield>
  <datafield tag="952" ind1=" " ind2=" ">
    <subfield code="0">0</subfield>
    <subfield code="1">0</subfield>
    <subfield code="2">ddc</subfield>
    <subfield code="4">0</subfield>
    <subfield code="6">AED_KEO_2012_000000000000000_B263_OR_2</subfield>
    <subfield code="7">0</subfield>
    <subfield code="9">27478</subfield>
    <subfield code="a">LBB</subfield>
    <subfield code="b">LBB</subfield>
    <subfield code="c">B263</subfield>
    <subfield code="d">2015-12-24</subfield>
    <subfield code="o">AED KEO 2012 B263 Or.2</subfield>
    <subfield code="p">RUA046488</subfield>
    <subfield code="r">2015-12-24</subfield>
    <subfield code="w">2015-12-24</subfield>
    <subfield code="y">AED</subfield>
  </datafield>
  <datafield tag="952" ind1=" " ind2=" ">
    <subfield code="0">0</subfield>
    <subfield code="1">0</subfield>
    <subfield code="2">ddc</subfield>
    <subfield code="4">0</subfield>
    <subfield code="6">AED_KEO_2012_000000000000000_B263_OR_3</subfield>
    <subfield code="7">0</subfield>
    <subfield code="9">27479</subfield>
    <subfield code="a">LBB</subfield>
    <subfield code="b">LBB</subfield>
    <subfield code="c">B263</subfield>
    <subfield code="d">2015-12-24</subfield>
    <subfield code="l">3</subfield>
    <subfield code="m">1</subfield>
    <subfield code="o">AED KEO 2012 B263 Or.3</subfield>
    <subfield code="p">RUA036200</subfield>
    <subfield code="r">2018-04-30</subfield>
    <subfield code="s">2018-04-24</subfield>
    <subfield code="w">2015-12-24</subfield>
    <subfield code="y">AED</subfield>
  </datafield>
  <datafield tag="952" ind1=" " ind2=" ">
    <subfield code="0">0</subfield>
    <subfield code="1">0</subfield>
    <subfield code="2">ddc</subfield>
    <subfield code="4">0</subfield>
    <subfield code="6">AED_KEO_2012_000000000000000_B263_OR_4</subfield>
    <subfield code="7">0</subfield>
    <subfield code="9">27480</subfield>
    <subfield code="a">LBB</subfield>
    <subfield code="b">LBB</subfield>
    <subfield code="c">B263</subfield>
    <subfield code="d">2015-12-24</subfield>
    <subfield code="l">5</subfield>
    <subfield code="m">4</subfield>
    <subfield code="o">AED KEO 2012 B263 Or.4</subfield>
    <subfield code="p">RUA033235</subfield>
    <subfield code="r">2017-02-07</subfield>
    <subfield code="s">2017-01-23</subfield>
    <subfield code="w">2015-12-24</subfield>
    <subfield code="y">AED</subfield>
  </datafield>
  <datafield tag="952" ind1=" " ind2=" ">
    <subfield code="0">0</subfield>
    <subfield code="1">0</subfield>
    <subfield code="2">ddc</subfield>
    <subfield code="4">0</subfield>
    <subfield code="6">AED_KEO_2012_000000000000000_B263_OR_5</subfield>
    <subfield code="7">0</subfield>
    <subfield code="9">27481</subfield>
    <subfield code="a">LBB</subfield>
    <subfield code="b">LBB</subfield>
    <subfield code="c">B263</subfield>
    <subfield code="d">2015-12-24</subfield>
    <subfield code="l">3</subfield>
    <subfield code="o">AED KEO 2012 B263 Or.5</subfield>
    <subfield code="p">RUA032572</subfield>
    <subfield code="q">2024-11-27</subfield>
    <subfield code="r">2024-11-08</subfield>
    <subfield code="s">2024-11-08</subfield>
    <subfield code="w">2015-12-24</subfield>
    <subfield code="y">AED</subfield>
  </datafield>
  <datafield tag="952" ind1=" " ind2=" ">
    <subfield code="0">0</subfield>
    <subfield code="1">0</subfield>
    <subfield code="2">ddc</subfield>
    <subfield code="4">0</subfield>
    <subfield code="6">AED_KEO_2012_000000000000000_B263_OR_6</subfield>
    <subfield code="7">0</subfield>
    <subfield code="9">27482</subfield>
    <subfield code="a">LBB</subfield>
    <subfield code="b">LBB</subfield>
    <subfield code="c">B263</subfield>
    <subfield code="d">2015-12-24</subfield>
    <subfield code="l">7</subfield>
    <subfield code="m">3</subfield>
    <subfield code="o">AED KEO 2012 B263 Or.6</subfield>
    <subfield code="p">RUA033187</subfield>
    <subfield code="r">2024-12-12</subfield>
    <subfield code="s">2024-11-22</subfield>
    <subfield code="w">2015-12-24</subfield>
    <subfield code="y">AED</subfield>
  </datafield>
</record>
